| 000 | 00982cam a2200241 4500 | ||
|---|---|---|---|
| 001 | ABS65293 | ||
| 008 | 020328n2002 000 0 eng u | ||
| 035 | _a(Sirsi) u117283 | ||
| 100 | _aGilbertson, B. | ||
| 245 | _aSheer artistry or merely science? | ||
| 260 | _c2002 | ||
| 490 |
_aEstates Gazette _v(0210) 9 March 2002, 148-149(2) |
||
| 520 | _aArgues that valuation is more than the accumulation of raw data, and so cannot be defined as just a science. Since as soon as a valuer applies a subjective interpretation, valuation becomes an art. Also suggests that the International Valuation Standards Council needs to lead the way in establishing universal methodology. | ||
| 590 | _aABS | ||
| 650 | _aVALUATION METHODOLOGY | ||
| 650 | _aINTERNATIONAL VALUATION STANDARDS COUNCIL | ||
| 650 | _aVALUATION STANDARDS | ||
| 650 | _aINTERPRETATION | ||
| 650 | _aCALCULATION | ||
| 650 | _aVALUATIONS | ||
| 690 | _aPROPERTY-PROPERTY APPRAISAL AND VALUATION | ||
| 942 | _n0 | ||
| 999 |
_c69870 _d69870 |
||